000 00737nam a2200241 i 4500
001 bg
245 0 0 _aSocjologia ogólna :
_bwybrane problemy : praca zbiorowa /
_cpod red. Jolanty Polakowskiej-Kujawy.
250 _aWyd. 2.
260 _aWarszawa :
_bSzkoła Główna Handlowa,
_c2002.
300 _a358 s. ;
_c24 cm.
504 _aBibliogr. przy rozdz.
650 9 _aSocjologia
655 _aPodręczniki akademickie
700 1 _aPOLAKOWSKA-KUJAWA, Jolanta.
_eRed.
020 _a837225138X
040 _cBPK
041 0 _apl
080 _a316(075.8)
920 _a83-7225-138-X
942 _cKS
008 s pl f |000 0 pol
999 _c41762
_d41762
856 _uhttp://koha.tu.koszalin.pl/cgi-bin/koha/opac-detail.pl?biblionumber=41762
_yKatalog online BPK